ბათუმის შოთა რუსთაველის სახელმწიფო უნივერსიტეტის ბიბლიოთეკა

ფოლადის ვერტიკალური რეზერვუარების ტექნოლოგიური მოწყობილობა. (ბიბ.ჩანაწერი № 35778)

000 -LEADER
fixed length control field 00976nam a2200217Ia 4500
001 - CONTROL NUMBER
control field 1661
003 - CONTROL NUMBER IDENTIFIER
control field GE_BSU
008 - FIXED-LENGTH DATA ELEMENTS--GENERAL INFORMATION
fixed length control field 181216s||||||||xx |||||||||||||| ||und||
020 ## - INTERNATIONAL STANDARD BOOK NUMBER
International Standard Book Number 9789941412738
040 ## - CATALOGING SOURCE
Transcribing agency GE_BSU
080 ## - UNIVERSAL DECIMAL CLASSIFICATION NUMBER
Universal Decimal Classification number 621.642(075.8)
100 ## - MAIN ENTRY--PERSONAL NAME
Personal name მეგრელიშვილი,ზურაბ და სხვ.
245 ## - TITLE STATEMENT
Title ფოლადის ვერტიკალური რეზერვუარების ტექნოლოგიური მოწყობილობა.
245 ## - TITLE STATEMENT
Remainder of title სახელმძღვანელო.(ატლასი).
260 ## - PUBLICATION, DISTRIBUTION, ETC.
Name of publisher, distributor, etc. შოთა რუსთაველის სახ. უნ–ტის გამ-ბა.
260 ## - PUBLICATION, DISTRIBUTION, ETC.
Date of publication, distribution, etc. 2011.
300 ## - PHYSICAL DESCRIPTION
Extent 127გვ;28სმ .
653 ## - INDEX TERM--UNCONTROLLED
Uncontrolled term ფოლადის ვერტიკალური რეზერვუარების ტექნოლოგიური მოწყობილობა.
942 ## - ADDED ENTRY ELEMENTS (KOHA)
Koha item type წიგნი
ეგზემპლარები
Withdrawn status Lost status Damaged status Not for loan Date acquired Barcode Date last seen Price effective from Koha item type
        2018-12-17 3213 2018-12-17 2018-12-17 წიგნი
        2018-12-17 3214 2018-12-17 2018-12-17 წიგნი
        2018-12-17 3215 2018-12-17 2018-12-17 წიგნი
        2018-12-17 3216 2018-12-17 2018-12-17 წიგნი
        2018-12-17 3217 2018-12-17 2018-12-17 წიგნი
        2018-12-17 3218 2018-12-17 2018-12-17 წიგნი
        2018-12-17 3219 2018-12-17 2018-12-17 წიგნი
        2018-12-17 3220 2018-12-17 2018-12-17 წიგნი
        2018-12-17 3221 2018-12-17 2018-12-17 წიგნი
        2018-12-17 3222 2018-12-17 2018-12-17 წიგნი